000 01045nam a22003617a 4500
001 BR0201383
003 BR-BrBNA
005 20230928101038.0
007 ta
008 230509b bl.||||| |||| 00| 0 por d
040 _aBR-BrBNA
_bpor
_cBiblioteca Nacional de Agricultura
041 _a(Por)
072 _aJ12
_b8915
090 _ 8915 BR0201383
100 1 _aMendes, A. de S.
100 1 _aAlves, M.V. da S.
110 1 _aInstituto Brasileiro de Desenvolvimento Florestal, Brasília, DF (Brasil). Laboratório de Produtos Florestais
_95741
245 1 _aA degradação da madeira e sua preservação
260 3 _aBrasília, DF (Brasil):
_c1988.
300 _a57 p.
500 _a40 ref.; 12 illus.
650 _aMADEIRA SERRADA
650 _aPRESERVAÇÃO DA MADEIRA
650 _aDETERIORAÇÃO
650 _aTORA
650 _aSUBSTÂNCIA CONSERVADORA DA MADEIRA
650 _aFUNGO
650 _aINSETO
650 _aFUMIGAÇÃO
650 _aTRATAMENTO
909 _a202309
_bLucia
_c55
_dLucia Elande
942 _cBK
999 _c64016
_d64016